Cities of Florida by Population - Statistics

General Stats
  • This quiz has been taken 154 times
  • The average score is 24 of 81
Answer Stats
Population City % Correct
408,568 Miami
100%
335,709 Tampa
96%
823,613 Jacksonville
95%
239,037 Orlando
95%
181,376 Tallahassee
81%
244,818 St. Petersburg
70%
166,039 Fort Lauderdale
66%
124,433 Gainesville
64%
61,005 Daytona Beach
62%
51,923 Pensacola
61%
52,488 Sarasota
59%
100,175 West Palm Beach
56%
107,697 Clearwater
55%
141,202 Hollywood
50%
62,298 Fort Myers
49%
165,153 Port St. Lucie
49%
53,491 Ocala
48%
154,668 Cape Coral
47%
97,530 Lakeland
47%
88,110 Miami Beach
46%
84,392 Boca Raton
44%
59,682 Kissimmee
41%
100,154 Pompano Beach
41%
76,068 Melbourne
38%
107,559 Miami Gardens
38%
36,484 Panama City
36%
121,492 Coral Springs
34%
103,225 Palm Bay
33%
155,252 Pembroke Pines
33%
49,546 Bradenton
31%
55,156 Jupiter
31%
122,438 Miramar
29%
85,182 Deltona
28%
58,786 North Miami
28%
91,992 Davie
26%
46,780 Coral Gables
22%
75,018 Deerfield Beach
22%
60,522 Delray Beach
22%
68,217 Boynton Beach
21%
60,512 Homestead
21%
84,439 Sunrise
21%
77,640 Largo
20%
41,542 Apopka
19%
53,570 Sanford
18%
43,761 Titusville
18%
75,180 Palm Coast
17%
33,874 Winter Haven
17%
57,357 North Port
16%
84,955 Plantation
16%
45,704 Doral
15%
35,321 Dunedin
15%
41,590 Fort Pierce
14%
56,048 Port Orange
14%
41,523 North Miami Beach
13%
60,427 Tamarac
13%
56,508 Wellington
13%
65,333 Weston
13%
66,887 Lauderhill
12%
49,079 Pinellas Park
12%
34,568 Winter Garden
11%
48,452 Palm Beach Gardens
10%
225,461 Hialeah Gardens
9%
38,137 Ormond Beach
9%
34,721 Plant City
9%
35,183 St. Cloud
9%
41,496 Altamonte Springs
8%
52,909 Coconut Creek
8%
53,284 Margate
7%
32,653 Ocoee
7%
35,762 Aventura
6%
43,914 Bonita Springs
6%
41,363 Oakland Park
6%
37,113 Hallandale Beach
5%
32,593 Lauderdale Lakes
5%
36,651 Oviedo
5%
41,023 North Lauderdale
4%
33,282 Winter Springs
4%
40,286 Cutler Bay
3%
37,573 Greenacres
3%
32,488 Riviera Beach
3%
34,140 Royal Palm Beach
3%
No matching quizzes found
Score Distribution
Percent of People with Each Score
Percentile by Number Answered
Your Score History
You have not taken this quiz